00496nam a2200145 i 4500001000300000245009200003260002700095040000800122041000800130942000700138008004100145999001700186856009800203952004900301bg 0aKonferencja problemowa :bproblemy realizacyjne systemowego budownictwa mieszkaniowego. aZielona Góra,c1986. cBPK apol cKS s pl f |000 0 pol  c23364d23364 uhttp://koha.tu.koszalin.pl/cgi-bin/koha/opac-detail.pl?biblionumber=23364yKatalog online BPK 00104070aBPKbBPKcwo33443p01599381yKS